Online
Catalog

EL señor magistrado / (Record no. 22998)

MARC details
000 -CABECERA
campo de control de longitud fija 00707nam a2200205 a 4500
001 - NÚMERO DE CONTROL
campo de control 000023502
005 - FECHA Y HORA DE LA ÚLTIMA TRANSACCIÓN
campo de control 20200930022250.0
008 - DATOS DE LONGITUD FIJA--INFORMACIÓN GENERAL
campo de control de longitud fija 101209s1968 mx ac r 000 0 spa d
040 ## - FUENTE DE LA CATALOGACIÓN
Centro catalogador/agencia de origen DO-SdBNP
Lengua de catalogación spa
Centro/agencia transcriptor BNPHU
041 17 - CÓDIGO DE LENGUA
Código de lengua del texto/banda sonora o título independiente spa
Código de lengua original eng
Fuente del código Código de idioma MARC
082 ## - NÚMERO DE LA CLASIFICACIÓN DECIMAL DEWEY
Número de clasificación NNN
Número de documento/Ítem S478
049 ## - FONDOS LOCALES (OCLC)
Fondos de biblioteca BNPHU
245 01 - MENCIÓN DE TÍTULO
Título EL señor magistrado /
Mención de responsabilidad, etc. Compiladores Allison Dunham y Philip B. Kurland ; Versión española: Carlos Palomar.
260 ## - PUBLICACIÓN, DISTRIBUCIÓN, ETC.
Lugar de publicación, distribución, etc. México :
Nombre del editor, distribuidor, etc. Limusa Wiley,
Fecha de publicación, distribución, etc. 1968.
300 ## - DESCRIPCIÓN FÍSICA
Extensión 426 p. :
Otras características físicas il., retrs ;
Dimensiones 19 cm.
534 ## - NOTA SOBRE LA VERSIÓN ORIGINAL
Encabezamiento principal del original Título original en inglés:
Mención de título del original Mr. justice.
700 1# - PUNTO DE ACCESO ADICIONAL--NOMBRE DE PERSONA
Nombre de persona Palomar, Carlos
9 (RLIN) 48432
700 1# - PUNTO DE ACCESO ADICIONAL--NOMBRE DE PERSONA
Nombre de persona Dunham, Allison
Término indicativo de función/relación comp.
9 (RLIN) 48433
700 1# - PUNTO DE ACCESO ADICIONAL--NOMBRE DE PERSONA
Nombre de persona Kurland, Philip B.
Término indicativo de función/relación comp.
9 (RLIN) 48434
Holdings
Estado de retiro Estado de pérdida Restricciones de uso No para préstamo Código de colección Localización permanente Ubicación/localización actual Ubicación en estantería Fecha de adquisición Número de inventario Total de préstamos Signatura topográfica completa Código de barras Fecha visto por última vez Precio válido a partir de Tipo de ítem Koha
        Monografías: Libros y Folletos General General En catalogación 14.12.2010 LF1   NNN S478 23502-10 25.06.2020 25.06.2020 Préstamo en sala

Powered by Koha